000
00282nam a2200121Ia 4500
008
190216s9999||||xx |||||||||||||| ||und||
100
_a
Chandra Sekhara Rao K
245
0
_a
Operation Reserch
260
_b
Narosha Publishing
300
_a
332
650
_a
Mathematics
942
_c
BK
999
_c
32059
_d
32059